[Event "Goiania-ch (Women)"]
[Site "Goiania"]
[Date "2013.12.08"]
[Round "5"]
[White "Gattamorta, Julia Marzanatti"]
[Black "Rocha, Kamilla de Paula"]
[Result "0-1"]
[WhiteElo "1795"]
[BlackElo "1876"]
[PlyCount "80"]
[EventDate "2013.12.07"]
[EventType "tourn"]
[EventRounds "5"]
[EventCountry "BRA"]
[SourceTitle "EXT 2016"]
[Source "ChessBase"]
[SourceDate "2015.10.08"]
[SourceVersion "1"]
[SourceVersionDate "2015.10.08"]
[SourceQuality "1"]

1. e4 e6 2. d4 d5 3. e5 c5 4. c3 b6 5. Bg5 Be7 6. Bxe7 Nxe7 7. Bd3 Ba6 8. Bc2 cxd4 9. cxd4 Nd7 10. Nc3 Rc8 11. Nf3 h6 12. Ne2 Nf8 13. 0-0 Nfg6 14. Re1 0-0 15. Ng3 Qd7 16. Rc1 Rc7 17. Re3 Rfc8 18. Qd2 Bb5 19. Rc3 Rxc3 20. bxc3 Bc4 21. Bb3 b5 22. h3 Rc6 23. Nh2 Ra6 24. Ng4 Qd8 25. Nh5 Nf5 26. Bc2 Qg5 27. Qxg5 hxg5 28. Bb3 Ra3 29. Rb1 a6 30. Bxc4 dxc4 31. Rb2 Rxc3 32. Rd2 Nge7 33. f4 gxf4 34. Nxf4 b4 35. Ne2 Ra3 36. Nf2 c3 37. Rc2 Nd5 38. Ne4 Nfe3 39. Rc1 Rxa2 40. Kf2 c2 0-1

[Event "Goiania-ch (Women)"]
[Site "Goiania"]
[Date "2013.12.07"]
[Round "2"]
[White "Rocha, Kamilla de Paula"]
[Black "Correa, Lorenna Martins"]
[Result "1-0"]
[WhiteElo "1876"]
[BlackElo "1681"]
[PlyCount "131"]
[EventDate "2013.12.07"]
[EventType "tourn"]
[EventRounds "5"]
[EventCountry "BRA"]
[SourceTitle "EXT 2016"]
[Source "ChessBase"]
[SourceDate "2015.10.08"]
[SourceVersion "1"]
[SourceVersionDate "2015.10.08"]
[SourceQuality "1"]

1. e4 e5 2. Nf3 Nc6 3. d4 exd4 4. Nxd4 Bc5 5. Nxc6 Qf6 6. Qe2 Qxc6 7. Nc3 Ne7 8. Be3 a6 9. Bxc5 Qxc5 10. Qc4 Qxc4 11. Bxc4 b5 12. Bd3 Bb7 13. 0-0 c5 14. Rfe1 0-0 15. Rad1 Ng6 16. Bf1 Rad8 17. g3 Rfe8 18. Bg2 Bc6 19. f4 Ne7 20. e5 Bxg2 21. Kxg2 Nc6 22. Nd5 d6 23. exd6 Rxe1 24. Rxe1 Kf8 25. Nc7 Nd4 26. c3 Nf5 27. Nxa6 Rxd6 28. Nxc5 g6 29. Re2 Rc6 30. Nd3 Rc8 31. Kf2 Ra8 32. a3 Nd6 33. Ne5 Nc4 34. Nxc4 bxc4 35. Ke3 Ke7 36. Kd4+ Kd6 37. Kxc4 Rc8+ 38. Kd3 Rc7 39. b4 Ra7 40. Ra2 f5 41. a4 Kc6 42. a5 Kb5 43. h3 h6 44. g4 fxg4 45. hxg4 Rd7+ 46. Ke4 Kc4 47. Rh2 Rh7 48. Rh3 Re7+ 49. Kf3 Rh7 50. Ke2 Re7+ 51. Kd2 Rd7+ 52. Kc2 Re7 53. Rxh6 Re2+ 54. Kd1 Rf2 55. Rxg6 Rxf4 56. a6 Rf8 57. a7 Kxc3 58. b5 Kd3 59. Rd6+ Kc4 60. b6 Kc5 61. Rg6 Rd8+ 62. Kc2 Ra8 63. b7 Rxa7 64. b8Q Ra2+ 65. Kb1 Rg2 66. Qe5+ 1-0